<?xml version="1.0" encoding="UTF-8"?>
<record
    xmlns:xsi="http://www.w3.org/2001/XMLSchema-instance"
    xsi:schemaLocation="http://www.loc.gov/MARC21/slim http://www.loc.gov/standards/marcxml/schema/MARC21slim.xsd"
    xmlns="http://www.loc.gov/MARC21/slim">

  <leader>00986nam a22002297a 4500</leader>
  <controlfield tag="005">20110209120154.0</controlfield>
  <controlfield tag="008">110209t        xxu||||| |||| 00| 0 mar d</controlfield>
  <datafield tag="010" ind1=" " ind2=" ">
    <subfield code="a">MAR-20567</subfield>
  </datafield>
  <datafield tag="020" ind1=" " ind2=" ">
    <subfield code="c">300.00</subfield>
    <subfield code="a">9788174981141</subfield>
  </datafield>
  <datafield tag="035" ind1=" " ind2=" ">
    <subfield code="a">MR-13225</subfield>
  </datafield>
  <datafield tag="037" ind1=" " ind2=" ">
    <subfield code="b">DBAD / PUB</subfield>
  </datafield>
  <datafield tag="040" ind1=" " ind2=" ">
    <subfield code="a">DPL</subfield>
    <subfield code="b">MR</subfield>
  </datafield>
  <datafield tag="082" ind1=" " ind2=" ">
    <subfield code="a">891.463</subfield>
  </datafield>
  <datafield tag="100" ind1=" " ind2=" ">
    <subfield code="9">25775</subfield>
    <subfield code="a">&#x92D;&#x921;&#x92D;&#x921;&#x947;,&#x936;&#x941;&#x92D;&#x93E;&#x902;&#x917;&#x940;</subfield>
  </datafield>
  <datafield tag="245" ind1=" " ind2=" ">
    <subfield code="a">&#x930;&#x923;&#x930;&#x93E;&#x917;&#x93F;&#x923;&#x940; /</subfield>
    <subfield code="c">&#x936;&#x941;&#x92D;&#x93E;&#x902;&#x917;&#x940; &#x92D;&#x921;&#x92D;&#x921;&#x947;</subfield>
  </datafield>
  <datafield tag="246" ind1=" " ind2=" ">
    <subfield code="a">Rantarangini</subfield>
    <subfield code="b">By Shubhangi Bhadbhade</subfield>
  </datafield>
  <datafield tag="260" ind1=" " ind2=" ">
    <subfield code="a">&#x928;&#x93E;&#x917;&#x92A;&#x942;&#x930;</subfield>
    <subfield code="b">&#x935;&#x93F;&#x91C;&#x92F; &#x92A;&#x94D;&#x930;&#x915;&#x93E;&#x936;&#x928;</subfield>
    <subfield code="c">2010</subfield>
  </datafield>
  <datafield tag="270" ind1=" " ind2=" ">
    <subfield code="a">&#x939;&#x928;&#x941;&#x92E;&#x93E;&#x928; &#x917;&#x932;&#x94D;&#x932;&#x940;,&#x938;&#x940;&#x924;&#x93E;&#x92C;&#x930;&#x94D;&#x921;&#x940;</subfield>
    <subfield code="b">&#x928;&#x93E;&#x917;&#x92A;&#x942;&#x930;</subfield>
    <subfield code="e">440012</subfield>
    <subfield code="k">0712-2530539</subfield>
  </datafield>
  <datafield tag="300" ind1=" " ind2=" ">
    <subfield code="a">297&#x92A;&#x943;</subfield>
    <subfield code="b">21&#x938;&#x947;&#x92E;&#x940;(&#x905;&#x91C;&#x93F;&#x932;&#x94D;&#x926;)</subfield>
  </datafield>
  <datafield tag="942" ind1=" " ind2=" ">
    <subfield code="2">ddc</subfield>
    <subfield code="c">MR</subfield>
    <subfield code="h">891.463</subfield>
    <subfield code="m">&#x92D;&#x921;&#x92D;</subfield>
  </datafield>
  <datafield tag="999" ind1=" " ind2=" ">
    <subfield code="c">50449</subfield>
    <subfield code="d">50449</subfield>
  </datafield>
  <datafield tag="952" ind1=" " ind2=" ">
    <subfield code="0">0</subfield>
    <subfield code="1">0</subfield>
    <subfield code="2">ddc</subfield>
    <subfield code="4">0</subfield>
    <subfield code="7">1</subfield>
    <subfield code="8">FIC</subfield>
    <subfield code="a">DBAD</subfield>
    <subfield code="b">DBAD</subfield>
    <subfield code="d">2011-02-10</subfield>
    <subfield code="e">DBAD / PUB</subfield>
    <subfield code="g">300.00</subfield>
    <subfield code="l">0</subfield>
    <subfield code="o">891.463 &#x92D;&#x921;&#x92D;</subfield>
    <subfield code="p">MR-13225</subfield>
    <subfield code="r">2011-02-10 00:00:00</subfield>
    <subfield code="t">1</subfield>
    <subfield code="v">300.00</subfield>
    <subfield code="w">2011-02-10</subfield>
    <subfield code="y">MR</subfield>
  </datafield>
</record>
